[Event "Turin Piemonte op 6th"]
[Site "Turin"]
[Date "2005.11.27"]
[Round "8"]
[White "Saccona, Silvano"]
[Black "Malano, Francesco"]
[Result "1/2-1/2"]
[WhiteElo "2155"]
[BlackElo "2037"]
[PlyCount "35"]
[EventDate "2005.11.18"]
[EventType "swiss"]
[EventRounds "9"]
[EventCountry "ITA"]
[SourceTitle "EXT 2007"]
[Source "ChessBase"]
[SourceDate "2006.11.23"]
[SourceVersion "1"]
[SourceVersionDate "2006.11.23"]
[SourceQuality "1"]

1. e4 c5 2. Nf3 g6 3. Bc4 Bg7 4. 0-0 d6 5. d3 Nc6 6. c3 Qc7 7. a4 Nf6 8. h3 0-0 9. Qe2 e6 10. Bf4 e5 11. Be3 Re8 12. Ng5 Nd8 13. Na3 h6 14. Nf3 Bd7 15. Bb3 b6 16. Nd2 Ne6 17. Bxe6 fxe6 18. Nc2 1/2-1/2

[Event "Porto San Giorgio op 16th"]
[Site "Porto San Giorgio"]
[Date "2004.08.28"]
[Round "8"]
[White "Di Martino, Antonio"]
[Black "Saccona, Silvano"]
[Result "0-1"]
[WhiteElo "2003"]
[BlackElo "2098"]
[PlyCount "96"]
[EventDate "2004.08.21"]
[EventType "swiss"]
[EventRounds "9"]
[EventCountry "ITA"]
[SourceTitle "CBM 101 Extra"]
[Source "ChessBase"]
[SourceDate "2004.09.01"]
[SourceVersion "2"]
[SourceVersionDate "2004.09.01"]
[SourceQuality "1"]

1. e4 c6 2. d4 d5 3. Nc3 dxe4 4. Nxe4 Nf6 5. Nxf6+ exf6 6. Be3 Bd6 7. Bd3 0-0 8. Ne2 Re8 9. Qd2 a5 10. 0-0 Qc7 11. Bf4 Nd7 12. Rae1 Nf8 13. c3 Be6 14. a3 Red8 15. Bxd6 Qxd6 16. Qf4 Qd5 17. Ng3 Qb3 18. Qc1 c5 19. Bc2 Qb6 20. dxc5 Qxc5 21. Rd1 Rdc8 22. Ne4 Qc7 23. Rd4 Rcb8 24. Rfd1 b5 25. Nd6 Ra6 26. Bd3 Rab6 27. Qd2 Bb3 28. Bc2 Bxc2 29. Qxc2 b4 30. axb4 axb4 31. c4 Ne6 32. R4d2 b3 33. Qc3 Ra8 34. Nb5 Qf4 35. Qxb3 g6 36. Qe3 Qb8 37. g3 Rc6 38. b3 Kg7 39. Qf3 Rca6 40. Rd7 Ra1 41. Rxa1 Rxa1+ 42. Kg2 Ng5 43. Qd5 Qe8 44. g4 Qe1 45. Kg3 Qe2 46. Qg2 Rg1 47. Nd4 Rxg2+ 48. Kxg2 Qe4+ 0-1

[Event "Porto San Giorgio op 15th"]
[Site "Porto San Giorgo"]
[Date "2003.08.24"]
[Round "4"]
[White "Sebastianelli, Dario"]
[Black "Saccona, Silvano"]
[Result "1-0"]
[WhiteElo "2239"]
[BlackElo "2098"]
[PlyCount "73"]
[EventDate "2003.08.21"]
[EventType "swiss"]
[EventRounds "9"]
[EventCountry "ITA"]
[SourceTitle "CBM 095 Extra"]
[Source "ChessBase"]
[SourceDate "2003.09.04"]
[SourceVersion "1"]
[SourceVersionDate "2003.09.04"]
[SourceQuality "1"]

1. e4 c6 2. d4 d5 3. Nc3 dxe4 4. Nxe4 Nf6 5. Nxf6+ exf6 6. c3 Bd6 7. Bd3 0-0 8. Ne2 Qc7 9. Qc2 Kh8 10. Bd2 Re8 11. 0-0-0 Nd7 12. h4 Nf8 13. Kb1 a5 14. c4 Qb8 15. Rde1 Bd7 16. f3 b5 17. g4 c5 18. g5 Be7 19. Nf4 cxd4 20. Rxe7 Rxe7 21. gxf6 gxf6 22. Nd5 Re6 23. h5 Qg3 24. Be4 Rc8 25. Bf4 Qg7 26. h6 Qg8 27. Nxf6 Rxf6 28. Be5 Qg5 29. f4 Qg3 30. Qd1 Ng6 31. Bxf6+ Kg8 32. Be5 bxc4 33. Qxd4 Be6 34. Rg1 Qh3 35. Bd6 Qxh6 36. f5 Qg7 37. Be5 1-0